00669nam 22002173 4500001000700000021000700007100004100014101000800055102000700063200003200070205000800102210002800110215003600138225003300174300010300207606003300310675002500343700003600368801001800404830002900422202095 aPT a20240117d u||y0pory50 ba apor aPT aContosfVergílio Ferreira a1ª aLisboacArcádiad1976 a257, [3] p.cencadernadod20 cm aObras de Vergílio Ferreira aContém dedicatória na folha de guarda e notas do Prof. Dr. Almeida Faria na folha de índice. aLiteratura Portuguesa Contos a821.134.3-3vPTzpor aFerreirabVergíliof1916-1996 aPTbBMMNgRPC cAna FalardofAna Falardo